| 000 | 01655nam a22003977a 4500 | ||
|---|---|---|---|
| 003 | PE-LiUPU | ||
| 005 | 20250731180159.0 | ||
| 008 | 230713b |||||||| |||| 00| 0 spa d | ||
| 040 |
_aPE-LiUPU _bspa _cPE-LiUPU _dPE-LiUPU _erda |
||
| 082 |
_223 _a515.43 _bM669c |
||
| 100 |
_aMiquel y Merino, Pablo. _91660 _d1887-1944. _eAutor. |
||
| 245 |
_aCurso de cálculo integral / _cpor Pablo Miquel y Merino |
||
| 264 |
_aLa Habana, Cuba : _bCultural S. A., _c1942. |
||
| 300 |
_a411 páginas: _bIlustraciones, diagramas; _c24 centímetros. |
||
| 505 | _aIntegración inmediata -- Integración por transformaciónes y sustituciones trigonométricas- integración de partes -- Integración de las fracciones racionales -- Integración por racionalización -- Fórmulas de reducción -- Integrales definidas -- Integración aproximada --Aplicaciones geométricas sencillas del cálculo integral -- Centros de gravedad - momentos de inercia-promedios-- Integrales múltiples - aplicaciones -- Integrales curvilíneas -- Integración en series - series de Fourier. | ||
| 526 | _aSEG44 | ||
| 526 | _aSEG26 | ||
| 526 | _aP159 | ||
| 526 | _aP155 | ||
| 526 | _aP154 | ||
| 526 | _aP153 | ||
| 526 | _aP150 | ||
| 526 | _aP100 | ||
| 526 | _aP31 | ||
| 526 | _aP30 | ||
| 526 | _aP26 | ||
| 526 | _aP25 | ||
| 526 | _aP24 | ||
| 526 | _aP22 | ||
| 526 | _aP15 | ||
| 526 | _aP10 | ||
| 650 | 0 |
_aCálculo integral _91662 |
|
| 942 |
_2ddc _cBK _n0 |
||
| 980 |
_621515 _aDIGNA BRAÑES Analista Documental _81 _gALBERTO SANCHEZ Responsable de Automatización |
||
| 999 |
_c61927 _d61927 |
||